[Event "Mechanics' Fall TNM; G/2"]
[Site "San Francisco"]
[Date "2015.11.17"]
[Round "5.28"]
[White "Macintyre, Brendan"]
[Black "Askin, David Benja"]
[Result "0-1"]
[WhiteElo "1575"]
[BlackElo "1974"]
[PlyCount "66"]
[EventDate "2015.??.??"]

1. d4 Nf6 2. c4 g6 3. Nc3 d5 4. e3 Bg7 5. Nf3 O-O 6. Be2 c6 7. O-O Bf5 8. cxd5
cxd5 9. Bd2 Nc6 10. Qb3 Qd7 11. Rac1 Rfc8 12. Ne1 Na5 13. Qb5 Qxb5 14. Bxb5 a6
15. Be2 Nc4 16. Bxc4 dxc4 17. f3 b5 18. e4 Bd7 19. Nc2 e6 20. Be3 Bf8 21. a3 a5
22. Bg5 Ne8 23. Ne3 b4 24. axb4 axb4 25. Ne2 Bb5 26. Kf2 Ra2 27. b3 c3 28. Rc2
Rca8 29. Rd1 Rxc2 30. Nxc2 Ra2 31. Rc1 Bd3 32. Ne1 Rxe2+ 33. Kg1 Bb5 0-1

[Event "Mechanics' Fall TNM; G/2"]
[Site "San Francisco"]
[Date "2015.11.03"]
[Round "3.31"]
[White "Macintyre, Brendan"]
[Black "Lagrotta, Daniel S"]
[Result "0-1"]
[WhiteElo "1575"]
[BlackElo "1669"]
[Annotator "Donaldson"]
[PlyCount "122"]
[EventDate "2015.??.??"]

1. d4 Nf6 2. c4 e5 3. e3 exd4 4. exd4 d5 5. Nf3 Bb4+ 6. Bd2 Nc6 7. Bxb4 Nxb4 8.
Qa4+ Nc6 9. Be2 Bd7 10. Qb3 dxc4 11. Qxc4 O-O 12. O-O Be6 13. Qa4 Ne7 14. Nc3
c6 15. Rfd1 Qc7 16. Ng5 Bg4 17. Qc2 Bxe2 18. Qxe2 Ned5 19. h3 h6 20. Nge4 Rfe8
21. Nxf6+ Nxf6 22. Qf3 Re7 23. d5 Nxd5 24. Nxd5 cxd5 25. Qxd5 Rae8 26. Qd3 Re2
27. b3 Qf4 28. Rf1 Rd2 29. Qc4 Qf6 (29... Qxc4 30. bxc4 b6 31. a4 Rc8 32. a5
Rxc4 33. axb6 axb6 {would not be easy for White as Black is not only a pawn up
but his rooks are more active.}) 30. a4 Rxf2 31. Rxf2 Qxa1+ 32. Rf1 Qe5 33.
Qxf7+ Kh8 34. Qf3 b6 35. Rd1 a5 36. Rd5 Qc7 37. Rd1 Qc5+ 38. Kh1 Re3 39. Qf7
Qg5 40. Rf1 Kh7 41. Qc4 Qg6 42. Qd5 Qc2 43. Rf3 Re1+ 44. Kh2 Qc7+ 45. Rg3 Re3
46. Qf5+ Kg8 47. Qg6 Kh8 (47... Rxb3 $4 48. Qe6+ Qf7 49. Qxb3) 48. Qg4 $4 (48.
h4 $11) 48... Rxb3 49. h4 Rb4 50. Qh5 Qd6 51. Kh3 Qd7+ 52. Kh2 Rxa4 53. Rf3 Qe7
54. g3 Qe2+ 55. Kh3 Qe6+ 56. Rf5 Kh7 57. Qf3 Re4 58. Kg2 Re3 59. Qf1 Re1 60.
Qd3 Qe4+ 61. Rf3 Qxd3 0-1

[Event "Mechanics' Leighton Allen TNM; G/2"]
[Site "San Francisco"]
[Date "2015.09.01"]
[Round "5.33"]
[White "Macintyre, Brendan"]
[Black "Mathrubootham, Ganesh"]
[Result "1/2-1/2"]
[WhiteElo "1575"]
[BlackElo "1346"]
[PlyCount "90"]
[EventDate "2015.??.??"]

1. d4 d5 2. c4 Nc6 3. e3 e5 4. cxd5 Qxd5 5. Nc3 Bb4 6. Bd2 Bxc3 7. Bxc3 e4 8.
Ne2 Bg4 9. Qc2 Nf6 10. Nf4 Qd6 11. a3 Be6 12. Be2 O-O 13. O-O Ne7 14. Nxe6 Qxe6
15. Bb4 Nfd5 16. h3 Rfe8 17. Rac1 Nf5 18. Qb3 Rab8 19. Bc4 c6 20. Be2 Rec8 21.
Bg4 Qg6 22. Bxf5 Qxf5 23. Bd6 Nc7 24. f3 exf3 25. Rxf3 Qd7 26. Be5 Rf8 27. Rcf1
b6 28. Rg3 g6 29. Rgf3 Rbe8 30. Rc1 Ne6 31. Qc3 Rc8 32. e4 Rfd8 33. Rd3 Nc5 34.
Re3 Ne6 35. b3 c5 36. d5 Nd4 37. Rd1 Qb5 38. Kf2 f5 39. Bf6 f4 40. Ree1 Qd7 41.
Bxd8 Rxd8 42. Qb2 Re8 43. Qc1 g5 44. Qb2 g4 45. hxg4 Qxg4 1/2-1/2

[Event "Mechanics' Fall TNM; G/2"]
[Site "San Francisco"]
[Date "2015.12.01"]
[Round "7.27"]
[White "Macintyre, Brendan"]
[Black "Melville, Cailen J"]
[Result "0-1"]
[WhiteElo "1575"]
[BlackElo "1816"]
[Annotator "Donaldson"]
[PlyCount "56"]
[EventDate "2015.??.??"]

1. d4 e6 2. c4 b6 3. Nc3 Bb7 4. Nf3 f5 5. e3 Bb4 6. Be2 Nf6 7. O-O Bxc3 8. bxc3
Ne4 9. Qc2 Nc6 10. Nd2 Na5 11. f3 Nxd2 12. Bxd2 Ba6 13. Qa4 O-O 14. Rf2 d6 15.
c5 Bxe2 16. Rxe2 d5 17. cxb6 axb6 18. Qc2 Qh4 19. Be1 Qh5 20. e4 fxe4 21. fxe4
Nc4 22. Bg3 c6 23. Rf1 Qh6 24. Qc1 Rxf1+ 25. Qxf1 Rf8 26. Qe1 dxe4 27. Rxe4 Nd2
$2 (27... e5 $1 28. dxe5 $2 Nd2 $19) 28. Rh4 $4 {Diagram #} (28. Rxe6 $1 Rf1+
29. Qxf1 Qxe6 30. Qe1) 28... Qe3+ 0-1

[Event "Mechanics' Leighton Allen TNM; G/2"]
[Site "San Francisco"]
[Date "2015.08.18"]
[Round "3.29"]
[White "Macintyre, Brendan"]
[Black "Rothman, Ivan"]
[Result "0-1"]
[WhiteElo "1575"]
[BlackElo "1513"]
[PlyCount "62"]
[EventDate "2015.??.??"]

1. d4 Nf6 2. c4 g6 3. Nf3 Bg7 4. Nc3 O-O 5. g3 d6 6. Bg2 Nbd7 7. O-O a6 8. Bd2
Re8 9. Rc1 Rb8 10. Re1 b6 11. e4 e5 12. d5 Nc5 13. Be3 Nfxe4 14. Nxe4 Nxe4 15.
Nd2 Nxd2 16. Qxd2 f5 17. Bg5 Bf6 18. Bxf6 Qxf6 19. Qc3 Bd7 20. f4 Qg7 21. fxe5
Rxe5 22. Kf1 Rbe8 23. Qd2 Rxe1+ 24. Rxe1 Rxe1+ 25. Kxe1 Qe5+ 26. Kf2 Kg7 27.
Bh3 h6 28. Qe2 Qxe2+ 29. Kxe2 Kf6 30. Ke3 Ke5 31. b4 g5 {and Black soon won.}
0-1

[Event "Mechanics' Spring TNM; G/2"]
[Site "San Francisco"]
[Date "2015.03.24"]
[Round "2.38"]
[White "Magnuson, Gregory"]
[Black "Ayinala, Nihar"]
[Result "1-0"]
[WhiteElo "1531"]
[BlackElo "1004"]
[PlyCount "49"]
[EventDate "2015.??.??"]

1. d4 Nf6 2. c4 g6 3. Nc3 Bg7 4. Bg5 b6 5. e3 Bb7 6. Nf3 d6 7. Rc1 Nbd7 8. Be2
Rc8 9. O-O O-O 10. Nd2 c5 11. d5 Re8 12. Bf3 e6 13. dxe6 Bxf3 14. exf7+ Kxf7
15. Qxf3 Kg8 16. b3 Ne5 17. Qe2 d5 18. Nxd5 Qd6 19. Bxf6 Bxf6 20. Ne4 Qe6 21.
Nexf6+ Kf8 22. Nxe8 Rxe8 23. Nc7 Qe7 24. Nxe8 Qxe8 25. Rfd1 1-0

[Event "Mechanics' Spring TNM; G/2"]
[Site "San Francisco"]
[Date "2015.04.21"]
[Round "6.30"]
[White "Magnuson, Gregory"]
[Black "Sainz, Gualalupe"]
[Result "0-1"]
[WhiteElo "1531"]
[BlackElo "1835"]
[PlyCount "82"]
[EventDate "2015.??.??"]

1. d4 Nf6 2. Nf3 b6 3. Nbd2 Bb7 4. e3 e6 5. Bd3 d5 6. a3 Bd6 7. O-O O-O 8. c3
Nbd7 9. Re1 Ne4 10. Qc2 f5 11. c4 c5 12. b3 Rf6 13. Bb2 Rh6 14. Ne5 Rxh2 15.
Bxe4 Qh4 16. g3 Qh6 17. Bg2 Nf6 18. Ndf3 Ng4 19. Nxg4 Rxg2+ 20. Kxg2 fxg4 21.
Rh1 gxf3+ 22. Kg1 Qg6 23. Qxg6 hxg6 24. Kf1 a5 25. a4 Rc8 26. Ke1 dxc4 27. Rh4
cxb3 28. e4 c4 29. Bc3 Bc6 30. Kd2 Be7 31. Rg4 g5 32. Ke3 Bd7 33. Kxf3 e5 34.
dxe5 Bxg4+ 35. Kxg4 Bb4 36. Bxb4 axb4 37. Kf5 c3 38. Ke6 b2 39. Re1 c2 40. Kd7
c1=Q 41. Rxc1 bxc1=Q 0-1

[Event "Mechanics' Winter TNM; 30/90, SD/30"]
[Site "San Francisco"]
[Date "2015.01.06"]
[Round "1.41"]
[White "Malvar, Melchor"]
[Black "Mont-Reynaud, Jordy"]
[Result "0-1"]
[WhiteElo "1484"]
[BlackElo "2270"]
[Annotator "Donaldson"]
[PlyCount "60"]
[EventDate "2015.??.??"]

1. Nf3 c5 2. b3 d5 3. Bb2 $6 (3. e3) 3... d4 (3... f6 $1 {
Petrosian-Fischer, Buenos Aires (Candidates) 1971}) 4. e4 (4. e3) 4... Nf6 5.
Bb5+ Nbd7 6. e5 Nd5 7. O-O a6 8. Bc4 N7b6 9. d3 Bg4 10. h3 Bh5 11. g4 Bg6 12.
Ng5 h6 13. Ne4 Nxc4 14. bxc4 Bxe4 15. dxe4 Nf4 16. Qf3 g5 17. Bc1 Ng6 18. Qg3
Bg7 19. f4 Qc7 20. Qh2 h5 21. gxh5 Rxh5 22. a4 O-O-O 23. Ra3 Rg8 24. Rg3 gxf4
25. Rxg6 fxg6 26. Bxf4 Rgh8 27. e6 Qc6 28. Rf3 Qxe4 29. Nd2 Qe1+ 30. Nf1 d3 0-1

[Event "Mechanics' Winter TNM; 30/90, SD/30"]
[Site "San Francisco"]
[Date "2015.02.03"]
[Round "5.34"]
[White "Malykin, Erika"]
[Black "Abraham, Renjish"]
[Result "1/2-1/2"]
[WhiteElo "1525"]
[BlackElo "1837"]
[PlyCount "76"]
[EventDate "2015.??.??"]

1. e4 c5 2. Nf3 d6 3. d4 cxd4 4. Qxd4 Nc6 5. Bb5 Bd7 6. Qd3 Nf6 7. Nc3 a6 8.
Bc4 g6 9. a3 Bg7 10. Bg5 O-O 11. O-O b5 12. Bb3 Rc8 13. Rad1 Be6 14. Nd5 Bxd5
15. exd5 Na5 16. Bd2 Nxb3 17. cxb3 Rc5 18. a4 Rxd5 19. Qc2 Rc5 20. Qd3 Rd5 21.
Qc2 Qd7 22. Bc3 Rc8 23. Qe2 e5 24. Ng5 h6 25. Ne4 Rxd1 26. Nxf6+ Bxf6 27. Rxd1
Qc6 28. Qd2 bxa4 29. bxa4 d5 30. Qxd5 Rd8 31. Qb3 Rxd1+ 32. Qxd1 Qe4 33. h3 Kg7
34. b4 Qc4 35. Bd2 Be7 36. Qe1 f6 37. Qe3 g5 38. Qb6 Kg6 1/2-1/2

[Event "Mechanics' Winter TNM; 30/90, SD/30"]
[Site "San Francisco"]
[Date "2015.01.20"]
[Round "3.37"]
[White "Malykin, Erika"]
[Black "Poblete, Tyrone"]
[Result "1-0"]
[WhiteElo "1525"]
[BlackElo "1160"]
[PlyCount "37"]
[EventDate "2015.??.??"]

1. e4 e5 2. Nf3 Nc6 3. Bc4 Bc5 4. d3 d6 5. Ng5 Be6 6. Bxe6 fxe6 7. Nxe6 Bxf2+
8. Kxf2 Qf6+ 9. Nf4 exf4 10. Rf1 Qh4+ 11. Kg1 g5 12. Rf3 Qg4 13. Rf1 h5 14. b3
Nd4 15. Bb2 Ne2+ 16. Kf2 f3 17. gxf3 Qf4 18. Kxe2 Rh7 19. Rf2 {White soon won.}
1-0

[Event "Mechanics' Winter TNM; 30/90, SD/30"]
[Site "San Francisco"]
[Date "2015.02.10"]
[Round "6.37"]
[White "Malykin, Erika"]
[Black "Robertson, Guy"]
[Result "1-0"]
[WhiteElo "1525"]
[BlackElo "1477"]
[PlyCount "23"]
[EventDate "2015.??.??"]

1. e4 c5 2. Nf3 d6 3. d4 cxd4 4. Qxd4 Nc6 5. Bb5 Qb6 6. Qxb6 axb6 7. Nc3 g6 8.
Nd5 Bg7 $4 9. Nc7+ Kd7 10. Nxa8 Nf6 11. Nxb6+ Kc7 12. Nd5+ 1-0

[Event "Mechanics' Spring TNM; G/2"]
[Site "San Francisco"]
[Date "2015.04.07"]
[Round "4.18"]
[White "Mandjian, Vahak"]
[Black "Dupree, Charles"]
[Result "1-0"]
[WhiteElo "1796"]
[BlackElo "1625"]
[PlyCount "112"]
[EventDate "2015.??.??"]

1. d4 Nf6 2. c4 e6 3. Nf3 Bb4+ 4. Bd2 a5 5. Nc3 b6 6. e3 Ba6 7. Qc2 d5 8. Ne5
O-O 9. Bd3 Bxc3 10. bxc3 Qd6 11. O-O Nc6 12. f4 dxc4 13. Nxc4 Qd7 14. Rf3 h6
15. Be1 Qd5 16. Nd2 Bxd3 17. Qxd3 e5 18. e4 Qd7 19. fxe5 Nh7 20. Bg3 Ng5 21.
Re3 Rae8 22. h4 Nh7 23. Nf3 Qg4 24. Bh2 Re6 25. d5 Rg6 26. Qe2 Nb8 27. Rd1 Nd7
28. g3 Nc5 29. Nd4 Qxh4 30. Nf5 Qg5 31. d6 Re6 32. Rd5 Nxe4 33. Ne7+ Kh8 34.
Rxe4 f5 35. Rf4 Nf6 36. Rd3 Nd7 37. Nc6 Nc5 38. Rdf3 Ne4 39. Qc4 Nc5 40. Kg2
cxd6 41. exd6 Rxd6 42. Ne5 Ne4 43. Nf7+ Rxf7 44. Qxf7 Rd2+ 45. Kf1 Rd1+ 46. Kg2
Rd2+ 47. Kh3 g6 48. Rxe4 Rd8 49. Re8+ Rxe8 50. Qxe8+ Kg7 51. Qd7+ Kf8 52. Qd6+
Kf7 53. Qd5+ Kg7 54. Qd4+ Kf7 55. Re3 h5 56. Qd5+ Kg7 1-0

[Event "Mechanics' Spring TNM; G/2"]
[Site "San Francisco"]
[Date "2015.04.14"]
[Round "5.10"]
[White "Mandjian, Vahak"]
[Black "Klinetobe, David"]
[Result "0-1"]
[WhiteElo "1796"]
[BlackElo "2008"]
[PlyCount "70"]
[EventDate "2015.??.??"]

1. d4 Nf6 2. c4 e6 3. Nf3 b6 4. a3 Ba6 5. Nc3 Bxc4 6. Ne5 Ba6 7. e3 Bxf1 8.
Rxf1 Be7 9. g4 O-O 10. f4 d6 11. Qf3 c6 12. Nd3 d5 13. g5 Ne8 14. Qh5 g6 15.
Qh6 Ng7 16. Rf3 Nf5 17. Qh3 f6 18. gxf6 Bxf6 19. Ne2 Qe7 20. Ng3 Nd7 21. Nxf5
exf5 22. Bd2 Bxd4 23. O-O-O Bg7 24. Qg2 Qe4 25. Nf2 Qc4+ 26. Kb1 Nc5 27. Rc1
Qb5 28. Rc3 Bxc3 29. Bxc3 Ne4 30. Nxe4 dxe4 31. Rg3 Qd3+ 32. Ka1 Qd6 33. h4
Rad8 34. h5 Qe6 35. hxg6 Rd1# 0-1

[Event "Mechanics' Spring TNM; G/2"]
[Site "San Francisco"]
[Date "2015.03.24"]
[Round "2.36"]
[White "Manivannan, Sanjayan"]
[Black "Frank, Robert"]
[Result "1-0"]
[WhiteElo "1554"]
[BlackElo "1296"]
[PlyCount "109"]
[EventDate "2015.??.??"]

1. e4 e5 2. Nf3 Nf6 3. Nc3 Nc6 4. d4 exd4 5. Nxd4 Bc5 6. Nxc6 bxc6 7. Bd3 O-O
8. O-O Re8 9. Bf4 d6 10. e5 Bg4 11. Be2 Bxe2 12. Qxe2 Nd7 13. e6 Rxe6 14. Qg4
Rg6 15. Qf3 d5 16. a3 Nb6 17. Rad1 Bd6 18. Bxd6 cxd6 19. b3 Qf6 20. Qe3 Qe5 21.
Rfe1 Nd7 22. Qh3 Qg5 23. f4 Qg4 24. Qxg4 Rxg4 25. Re7 Nf6 26. g3 a5 27. Rc7 c5
28. Nxd5 Nxd5 29. Rxd5 Rg6 30. Rd7 h5 31. R7xd6 Rc8 32. Rd8+ Rxd8 33. Rxd8+ Kh7
34. Rd5 Rc6 35. Rxh5+ Kg6 36. Rd5 Kf6 37. Kf2 Ke6 38. c4 f5 39. h3 g6 40. g4
fxg4 41. hxg4 Ke7 42. Ke3 Kf6 43. f5 gxf5 44. Rxf5+ Kg6 45. Ke4 Re6+ 46. Re5
Rc6 47. Kd5 Rb6 48. Re6+ Rxe6 49. Kxe6 Kg5 50. Kd5 Kxg4 51. Kxc5 Kf5 52. Kb5
Ke6 53. Kxa5 Kd6 54. Kb6 Kd7 55. Kb7 1-0

[Event "Mechanics' Winter TNM; 30/90, SD/30"]
[Site "San Francisco"]
[Date "2015.01.20"]
[Round "3.41"]
[White "Manivannan, Sanjayan"]
[Black "Frank, Robert"]
[Result "1-0"]
[WhiteElo "1554"]
[BlackElo "1296"]
[PlyCount "91"]
[EventDate "2015.??.??"]

1. e4 e5 2. Nf3 Nc6 3. Bc4 Nf6 4. d3 d5 5. exd5 Nxd5 6. Qe2 f6 7. d4 Qd6 8.
Bxd5 Qxd5 9. Nc3 Qe6 10. d5 Qd7 11. dxc6 Qxc6 12. Qb5 Bd7 13. Qxc6 Bxc6 14. Bd2
Bc5 15. O-O O-O-O 16. Be3 Be7 17. Rad1 g5 18. Rxd8+ Rxd8 19. Rd1 Rxd1+ 20. Nxd1
a5 21. Nd2 b5 22. f3 a4 23. Ne4 Bd5 24. b3 axb3 25. axb3 b4 26. Ndf2 Kd7 27.
Bc5 Bxe4 28. Nxe4 Bxc5+ 29. Nxc5+ Kd6 30. Ne4+ Ke6 31. Kf2 h5 32. Ke3 g4 33. c4
bxc3 34. Nxc3 f5 35. Ne2 Kd5 36. f4 h4 37. fxe5 Kxe5 38. Nf4 Kd6 39. Ng6 h3 40.
gxh3 gxh3 41. Nf4 Kc5 42. Nxh3 Kb4 43. Nf4 Kxb3 44. h4 c5 45. h5 c4 46. Nd5 1-0

[Event "Mechanics' Winter TNM; 30/90, SD/30"]
[Site "San Francisco"]
[Date "2015.01.06"]
[Round "1.16"]
[White "Manivannan, Sanjayan"]
[Black "Klinetobe, David"]
[Result "0-1"]
[WhiteElo "1554"]
[BlackElo "2008"]
[PlyCount "74"]
[EventDate "2015.??.??"]

1. e4 e6 2. d4 d5 3. e5 c5 4. Nf3 Nc6 5. Bg5 Qb6 6. Bd3 c4 7. Be2 Qxb2 8. Nbd2
Be7 9. Bxe7 Ngxe7 10. O-O O-O 11. Qc1 Qc3 12. a4 Nxd4 13. Nxd4 Qxd4 14. Nf3 Qc3
15. Ra3 Qb4 16. Nh4 Bd7 17. Rg3 Ng6 18. Nxg6 fxg6 19. h4 Rf5 20. h5 gxh5 21. c3
Qe7 22. Qh6 Kh8 23. Qe3 Bxa4 24. Rh3 g6 25. g4 hxg4 26. Bxg4 Qg5 27. Qg3 Rff8
28. Kg2 Bc6 29. Rfh1 Rf7 30. f4 Qe7 31. Rh6 d4+ 32. Bf3 Bxf3+ 33. Qxf3 Rg7 34.
cxd4 Rd8 35. Qe4 b5 36. Rxg6 Rxg6+ 37. Qxg6 Rg8 0-1

[Event "Mechanics' Spring TNM; G/2"]
[Site "San Francisco"]
[Date "2015.04.21"]
[Round "6.25"]
[White "Manivannan, Sanjayan"]
[Black "Newey, Richard"]
[Result "0-1"]
[WhiteElo "1554"]
[BlackElo "1797"]
[PlyCount "72"]
[EventDate "2015.??.??"]

1. e4 c5 2. Nf3 d6 3. d4 cxd4 4. Nxd4 Nf6 5. Bb5+ Nbd7 6. Nc3 e6 7. O-O Be7 8.
Be3 O-O 9. f4 a6 10. Bd3 Qc7 11. Rf3 e5 12. Nf5 Nc5 13. fxe5 dxe5 14. Rg3 Bxf5
15. exf5 e4 16. Be2 Rad8 17. Qf1 Bd6 18. Rh3 b5 19. Qf2 b4 20. Nd1 a5 21. g4
Nd5 22. Qh4 Rfe8 23. Qxh7+ Kf8 24. Qh8+ Ke7 25. Qxg7 Be5 26. Bg5+ Nf6 27. Bc4
Rf8 28. Qh6 Rg8 29. Qh4 Rxg5 30. Qxg5 Rg8 31. Qd2 Rxg4+ 32. Kh1 e3 33. Nxe3
Nce4 34. Qe2 Qc6 35. Rf3 Rh4 36. h3 Ng3+ 0-1

[Event "Mechanics' Spring TNM; G/2"]
[Site "San Francisco"]
[Date "2015.04.07"]
[Round "4.24"]
[White "Manivannan, Sanjayan"]
[Black "Royzen, Igor"]
[Result "0-1"]
[WhiteElo "1554"]
[BlackElo "1881"]
[PlyCount "46"]
[EventDate "2015.??.??"]

1. c4 Nf6 2. Nc3 g6 3. d4 c5 4. Nf3 cxd4 5. Nxd4 Nc6 6. Nxc6 bxc6 7. e4 d6 8.
Be2 Bg7 9. e5 dxe5 10. Qxd8+ Kxd8 11. Bf3 Kc7 12. O-O Be6 13. Re1 Nd7 14. c5
Nxc5 15. Be3 Nd3 16. Re2 Rhd8 17. Be4 f5 18. Bxd3 Rxd3 19. Rc1 Rad8 20. f4 e4
21. Nb5+ Kb7 22. Nxa7 Rxe3 23. Rxe3 Bd4 0-1

[Event "Mechanics' Spring TNM; G/2"]
[Site "San Francisco"]
[Date "2015.04.28"]
[Round "7.27"]
[White "Manivannan, Sanjayan"]
[Black "Yamamoto, Shu"]
[Result "1-0"]
[WhiteElo "1554"]
[BlackElo "1668"]
[PlyCount "69"]
[EventDate "2015.??.??"]

1. e4 c6 2. d4 d5 3. e5 Bf5 4. Bd3 Bxd3 5. Qxd3 Qa5+ 6. Nc3 Qa6 7. Qe2 e6 8. a3
Ne7 9. Nf3 Qxe2+ 10. Nxe2 Ng6 11. O-O c5 12. Be3 cxd4 13. Nexd4 Nd7 14. Nb5 Rc8
15. Nd6+ Bxd6 16. exd6 b6 17. Nd4 a6 18. f4 O-O 19. f5 exf5 20. c3 f4 21. Bxf4
Nxf4 22. Rxf4 g6 23. Re1 Rfe8 24. Re7 Rxe7 25. dxe7 f5 26. Rf3 Nc5 27. Nc6 Kf7
28. Nb4 Kxe7 29. Nxd5+ Kd6 30. Nxb6 Rb8 31. Nc4+ Kd5 32. Ne3+ Ke4 33. Nd1 f4
34. b4 Rd8 35. Nf2+ 1-0

[Event "Mechanics' Leighton Allen TNM; G/2"]
[Site "San Francisco"]
[Date "2015.08.10"]
[Round "2.22"]
[White "Mannon, William"]
[Black "Ayinala, Sankar"]
[Result "0-1"]
[WhiteElo "372"]
[BlackElo "1651"]
[PlyCount "40"]
[EventDate "2015.??.??"]

1. e4 c5 2. Nf3 e6 3. Nc3 Nc6 4. Bc4 Nf6 5. b3 Be7 6. Bb2 O-O 7. Qe2 Re8 8.
O-O-O d5 9. exd5 exd5 10. Bb5 Qb6 11. Rhe1 Bg4 12. h3 Bxf3 13. Qxf3 Nd4 14. Qd3
Nxb5 15. Nxb5 Rac8 16. Ba3 c4 17. bxc4 Bxa3+ 18. Qxa3 Rxc4 19. Nd6 Rb4 20. d3
Qxd6 0-1

[Event "Mechanics' Fall TNM; G/2"]
[Site "San Francisco"]
[Date "2015.11.17"]
[Round "5.17"]
[White "Manvelyan, Hovik"]
[Black "Casares Jr, Nick"]
[Result "1-0"]
[WhiteElo "2026"]
[BlackElo "1600"]
[Annotator "Donaldson"]
[PlyCount "50"]
[EventDate "2015.??.??"]

1. Nf3 d5 2. b3 Nf6 3. Bb2 Bf5 4. e3 e6 5. Ne5 Bd6 6. f4 Ne4 7. g3 Qe7 8. d3
Nf6 9. Be2 h5 10. Nd2 Bxe5 11. fxe5 Ng4 12. Nf1 c5 13. h3 Nh6 14. Bxh5 Nc6 15.
Qe2 c4 16. e4 cxd3 17. cxd3 dxe4 18. dxe4 Qb4+ $2 19. Nd2 Nd4 20. Qd3 Rd8 21.
a3 $2 {Diagram [#]} (21. O-O-O) 21... Qb6 (21... Bxe4 $1 22. axb4 (22. Qxe4
Nf3+) 22... Bxd3 23. Bxd4 Rxd4 $11) 22. exf5 Nc2+ $2 (22... Nhxf5) 23. Qxc2
Qe3+ 24. Be2 Nxf5 25. Qc3 Rd3 1-0

[Event "Mechanics' Summer TNM; G/2"]
[Site "San Francisco"]
[Date "2015.06.02"]
[Round "2.11"]
[White "Manvelyan, Hovik"]
[Black "Hack, Richard"]
[Result "1-0"]
[WhiteElo "2015"]
[BlackElo "1699"]
[Annotator "Donaldson"]
[PlyCount "59"]
[EventDate "2015.??.??"]

1. e4 e5 2. Nc3 Nc6 3. g3 Bb4 4. Nge2 Nf6 5. Bg2 O-O 6. O-O d6 7. a3 Ba5 8. b4
Bb6 9. Na4 Be6 10. Nxb6 axb6 11. Bb2 Re8 12. d3 b5 13. f4 Bg4 14. h3 Bxe2 15.
Qxe2 exf4 16. Rxf4 Ne5 17. Raf1 Re6 18. h4 Ng6 19. R4f2 d5 20. Bh3 Re7 21. h5
Ne5 22. h6 Ra6 23. hxg7 Kxg7 24. Qe3 h6 {Diagram [#]} 25. Rxf6 $1 dxe4 (25...
Rxf6 26. Rxf6 Kxf6 27. Qxh6#) 26. Qxh6+ Kg8 27. Qg5+ Ng6 28. Bf5 Qe8 29. Rxa6
bxa6 30. Qf6 1-0

[Event "Mechanics' Fall TNM; G/2"]
[Site "San Francisco"]
[Date "2015.11.03"]
[Round "3.13"]
[White "Manvelyan, Hovik"]
[Black "Koga, Micah Kamuel"]
[Result "1/2-1/2"]
[WhiteElo "2026"]
[BlackElo "1630"]
[PlyCount "57"]
[EventDate "2015.??.??"]

1. f4 d5 2. Nf3 c6 3. e3 Bf5 4. Be2 Nd7 5. b3 Ngf6 6. Nh4 Bg6 7. f5 Qc7 8. Bb2
e5 9. d3 Bc5 10. Bc1 O-O-O 11. c3 Qb6 12. fxg6 hxg6 13. g3 Bxe3 14. Bxe3 Qxe3
15. Qd2 Ng4 16. Qxe3 Nxe3 17. Kd2 d4 18. Na3 b5 19. Bf3 Kc7 20. Nc2 g5 21. Nxd4
exd4 22. cxd4 gxh4 23. Kxe3 hxg3 24. hxg3 Rhe8+ 25. Kd2 Nf6 26. Rac1 Re6 27.
Rhe1 Nd5 28. Re5 Kb6 29. a3 1/2-1/2

[Event "Mechanics' Fall TNM; G/2"]
[Site "San Francisco"]
[Date "2015.12.01"]
[Round "7.11"]
[White "Manvelyan, Hovik"]
[Black "McKellar, Daniel"]
[Result "1-0"]
[WhiteElo "2026"]
[BlackElo "1596"]
[Annotator "Donaldson"]
[PlyCount "53"]
[EventDate "2015.??.??"]

1. d4 d5 2. c4 c6 3. cxd5 cxd5 4. Nc3 Nf6 5. Nf3 Nc6 6. Bf4 Bf5 7. e3 e6 8. Bb5
a6 $6 (8... Nd7) 9. Bxc6+ bxc6 10. Qa4 Qb6 11. Ne5 Rc8 12. O-O Bd6 $2 {
Diagram #} 13. Nxc6 $1 (13. Nc4 {was also good as was}) 13... Qxc6 14. Bxd6
Qxa4 15. Nxa4 Ne4 16. Bc5 e5 17. Rfc1 Nxc5 18. Rxc5 Rxc5 19. Nxc5 exd4 20. exd4
Ke7 21. Nxa6 Rc8 22. Nc5 Rb8 23. b3 Rb4 24. Rd1 Kd6 25. a3 Rb8 26. Rd2 Kc6 27.
f3 1-0

[Event "Mechanics' Summer TNM; G/2"]
[Site "San Francisco"]
[Date "2015.07.14"]
[Round "8.8"]
[White "Manvelyan, Hovik"]
[Black "Shi, Jaysen"]
[Result "1-0"]
[WhiteElo "2015"]
[BlackElo "1833"]
[PlyCount "63"]
[EventDate "2015.??.??"]

1. d4 d5 2. c4 e6 3. Nc3 Nf6 4. cxd5 exd5 5. Bg5 Be7 6. e3 Bf5 7. Qb3 c6 8.
Bxf6 Bxf6 9. Qxb7 O-O 10. Nh3 Re8 11. Be2 Qd7 12. Qxa8 Na6 13. Qxe8+ Qxe8 14.
Bxa6 Bxd4 15. Be2 Be5 16. Rd1 Qb8 17. Rd2 h6 18. g4 Bh7 19. f4 Bxc3 20. bxc3
Be4 21. Rg1 Qb6 22. Kf2 Qa5 23. Rc1 Qa3 24. Rdd1 Qxa2 25. c4 Qb2 26. cxd5 cxd5
27. Rc8+ Kh7 28. Rd4 a5 29. Ra8 a4 30. Ng1 Bc2 31. Rd2 d4 32. Bd3+ 1-0

[Event "Mechanics' Fall TNM; G/2"]
[Site "San Francisco"]
[Date "2015.10.20"]
[Round "1.14"]
[White "Manvelyan, Hovik"]
[Black "Simpkins, Jerry"]
[Result "1-0"]
[WhiteElo "2026"]
[BlackElo "1547"]
[PlyCount "87"]
[EventDate "2015.??.??"]

1. e4 e5 2. f4 exf4 3. Bc4 d6 4. Nf3 Nc6 5. O-O Ne5 6. Be2 g5 7. d4 Nxf3+ 8.
Bxf3 Bg7 9. Nc3 Ne7 10. Nd5 Ng6 11. c3 Be6 12. g3 fxg3 13. hxg3 Bxd5 14. exd5
O-O 15. Be3 h6 16. Qd3 Qd7 17. Rf2 f5 18. Bh5 Ne7 19. Raf1 Rf6 20. c4 Raf8 21.
Bd2 c6 22. dxc6 Nxc6 23. b4 a6 24. b5 axb5 25. cxb5 Na7 26. a4 d5 27. Bb4 Rc8
28. Re2 Bf8 29. Bxf8 Rcxf8 30. Rfe1 Nc8 31. Re5 Nb6 32. Bf3 Qd6 33. a5 Nd7 34.
Bxd5+ Kg7 35. Re7+ Kg6 36. Bc4 Rd8 37. g4 Qf4 38. gxf5+ Qxf5 39. Qxf5+ Kxf5 40.
Be6+ Rxe6 41. R1xe6 Nf8 42. Rxh6 Rxd4 43. Rf7+ Kg4 44. Rxf8 1-0

[Event "Mechanics' Summer TNM; G/2"]
[Site "San Francisco"]
[Date "2015.06.30"]
[Round "6.4"]
[White "Manvelyan, Hovik"]
[Black "Vickers, Keith"]
[Result "1/2-1/2"]
[WhiteElo "2015"]
[BlackElo "2200"]
[PlyCount "105"]
[EventDate "2015.??.??"]

1. d4 f5 2. h3 d5 3. Bf4 Nf6 4. e3 e6 5. Nd2 Bd6 6. Ngf3 Bxf4 7. exf4 Qd6 8. g3
c5 9. c3 O-O 10. Bd3 Nc6 11. O-O cxd4 12. cxd4 Bd7 13. a3 Ne4 14. Rc1 g5 15.
Bxe4 dxe4 16. Nxg5 h6 17. Qh5 Kg7 18. Ngxe4 fxe4 19. Nxe4 Qd5 20. Qg4+ Kf7 21.
Rfe1 b6 22. Rcd1 Rg8 23. Qh4 Rg6 24. Nc3 Qf5 25. d5 exd5 26. Rxd5 Qxh3 27. Qxh3
Bxh3 28. f5 Rg7 29. Re6 Ne7 30. Rd7 Kf8 31. Rxh6 Bxf5 32. Rc7 Ng8 33. Rhc6 Re8
34. Kg2 Ree7 35. Rxe7 Rxe7 36. f3 Rd7 37. g4 Bd3 38. Kg3 Ne7 39. Re6 Kf7 40.
Rh6 Nd5 41. Rc6 Nxc3 42. Rxc3 Ke6 43. Kf4 Bb5 44. Ke3 Kd6 45. f4 Rc7 46. Rxc7
Kxc7 47. Kd4 Kd6 48. f5 Be2 49. g5 Bg4 50. Ke4 a5 51. Kf4 Bd1 52. g6 Ke7 53.
Kg5 1/2-1/2

[Event "Mechanics' Fall TNM; G/2"]
[Site "San Francisco"]
[Date "2015.12.08"]
[Round "8.4"]
[White "Manvelyan, Hovik"]
[Black "Wong, Russell"]
[Result "0-1"]
[WhiteElo "2026"]
[BlackElo "2200"]
[Annotator "Donaldson"]
[PlyCount "54"]
[EventDate "2015.??.??"]

1. d4 c5 2. d5 g6 3. c4 e5 4. Nc3 d6 5. e4 a6 6. Bd3 Bg7 7. Nge2 Ne7 8. O-O Nd7
9. Be3 O-O 10. Qd2 f5 11. Bh6 f4 12. Bxg7 Kxg7 13. f3 g5 14. g4 Ng6 15. Bc2 Nf6
16. h3 h5 17. Kf2 hxg4 18. hxg4 Rh8 19. Rh1 {Diagram #} Bxg4 $1 20. Rag1 (20.
fxg4 Nxg4+ 21. Kg2 Nh4+ 22. Rxh4 Rxh4 $19) 20... Bxf3 21. Kxf3 g4+ 22. Kf2 g3+
23. Kf1 Ng4 24. Ke1 Rh2 25. Nxg3 fxg3 26. Ne2 Qh4 27. Nxg3 Rxh1 0-1